Every Song by Sublime - Statistics

General Stats
  • This quiz has been taken 46 times
    43 since last reset
  • The average score is 14 of 82
Answer Stats
Album Song % Correct
Sublime(1996) Santeria
89%
40oz. to Freedom(1992) Badfish
66%
Sublime(1996) Wrong Way
66%
Sublime(1996) What I Got
60%
Sublime(1996) What I Got (Reprise)
60%
40oz. to Freedom(1992) 40oz. to Freedom
57%
Sublime(1996) Doin' Time
49%
Sublime(1996) Garden Grove
43%
Robbin' the Hood(1994) Saw Red
43%
40oz. to Freedom(1992) Waiting for My Ruca
40%
40oz. to Freedom(1992) Date Rape
37%
40oz. to Freedom(1992) Don't Push
37%
Robbin' the Hood(1994) Don't Push
37%
Sublime(1996) Seed
34%
40oz. to Freedom(1992) Ebin
31%
Sublime(1996) April 29, 1992 (Miami)
29%
Sublime(1996) Caress Me Down
29%
Sublime(1996) Same in the End
26%
Robbin' the Hood(1994) S.T.P.
26%
Robbin' the Hood(1994) Boss D.J.
23%
Jah Won't Pay the Bills(1991) Slow Ride
23%
Jah Won't Pay the Bills(1991) Ball and Chain
20%
40oz. to Freedom(1992) Chica Me Tipo
20%
40oz. to Freedom(1992) D.J.s
20%
40oz. to Freedom(1992) KRS-One
20%
40oz. to Freedom(1992) Let's Go Get Stoned
20%
Sublime(1996) Burritos
17%
Sublime(1996) Get Ready
17%
Robbin' the Hood(1994) Greatest Hits
17%
Robbin' the Hood(1994) Pool Shark
17%
40oz. to Freedom(1992) Right Back
17%
Sublime(1996) Under My Voodoo
17%
Robbin' the Hood(1994) Cisco Kid
14%
40oz. to Freedom(1992) Get Out!
14%
Robbin' the Hood(1994) Steppin' Razor
14%
40oz. to Freedom(1992) What Happened
14%
Robbin' the Hood(1994) All You Need
11%
Second-hand Smoke(1997) Chick on My Tip
11%
40oz. to Freedom(1992) Live at E's
11%
Robbin' the Hood(1994) Mary
11%
40oz. to Freedom(1992) New Song
11%
Robbin' the Hood(1994) Raleigh Soliloquy Pt. I
11%
Robbin' the Hood(1994) Raleigh Soliloquy Pt. II
11%
Robbin' the Hood(1994) Raleigh Soliloquy Pt. III
11%
40oz. to Freedom(1992) Thanx
11%
Sublime(Bonus)(1996) I Love My Dog
9%
Robbin' the Hood(1994) Lincoln Highway Dub
9%
40oz. to Freedom(1992) New Thrash
9%
Sublime(1996) Paddle
9%
Everything Under the Sun(2006) Perfect World
9%
Second-hand Smoke(1997) Romeo
9%
Robbin' the Hood(1994) Work That We Do
9%
Robbin' the Hood(1994) Freeway Time in L.A. County Jail
6%
Robbin' the Hood(1994) I Don't Care Too Much for Reggae Dub
6%
Second-hand Smoke(1997) Legal Dub
6%
Second-hand Smoke(1997) New Realization
6%
Robbin' the Hood(1994) Q-Ball
6%
3 Ring Circus - Live at The Palace(2013) Ring the Alarm
6%
Sublime(Bonus)(1996) Superstar Punani
6%
Robbin' the Hood(1994) Waiting for Bud
6%
Everything Under the Sun(2006) 89 Vision
3%
Everything Under the Sun(2006) 91 Freestyle
3%
Everything Under the Sun(2006) Angelo
3%
Everything Under the Sun(2006) At It Again
3%
Everything Under the Sun(2006) Foreman Freestyle
3%
Robbin' the Hood(1994) Free Local Dub
3%
Everything Under the Sun(2006) Great Stone
3%
Jah Won't Pay the Bills(1991) Had a DAT
3%
Sublime Acoustic: Bradley Nowell & Friends(1998) It's Who You Know
3%
Everything Under the Sun(2006) Lou Makes Friend
3%
Everything Under the Sun(2006) Mic Control
3%
Everything Under the Sun(2006) Pawn Dub
3%
40oz. to Freedom(1992) Rawhide
3%
Everything Under the Sun(2006) Roots of Creation
3%
Everything Under the Sun(2006) Shame in Dem Game
3%
Everything Under the Sun(2006) Soundcheck Jam
3%
Robbin' the Hood(1994) Steady B Loop Dub
3%
Everything Under the Sun(2006) Sweet Little Rosie
3%
Robbin' the Hood(1994) The Farther I Go
3%
Robbin' the Hood(1994) Untitled
3%
Everything Under the Sun(2006) Voodoo Part 2
3%
Second-hand Smoke(1997) What's Really Goin' Wrong
3%
No matching quizzes found
Score Distribution
Percent of People with Each Score
Percentile by Number Answered
Your Score History
You have not taken this quiz since the last reset